000 00755nam a2200205 i 4500
001 70277
003 ES-MaACL
005 20250705090532.0
007 t|
008 040721s1972 sp ||||1| spa d
100 1 _aGarcía Reyes, Sergio.
_955174
245 1 3 _aLa dinámica familiar del enfermo celoso /
_cSergio García Reyes, Manuel González Chaves Menéndez y Enrique González Duro.
260 _a[Madrid] :
_bAsociación Española de Neuropsiquiatría,
_c1972.
300 _a252 p. ;
_c25 cm.
700 1 _aGonzález Chaves Menéndez, Manuel.
_958511
700 1 _aGonzález Duro, E.,
_d1939-
_958607
710 2 _aAsociación Española de Neuropsiquiatría.
_91677
852 _aES-MaACL
_jC-48736
_bR.84760
999 _c70277
_d70277